Tesaříci : (makrofotografie) : běh života a rozšíření vybraných druhů v České a Slovenské republice /

Hlavní autor: Zahradník, Jiří, 1928-2020
Jazyk: Čeština
Vydáno: Praha : Aventinum, 2015
Vydání: První vydání
Edice: Fotografické atlasy
Témata:
Fyzický popis: 168 stran : barevné ilustrace ; 25 cm
Knihy
Uloženo v:
LEADER 01934cam a2200541 i 4500
001 nkc20152750053
003 CZ PrNK
005 20160201143306.0
007 ta
008 151013s2015 xr a e f 001 0 cze d
015 |a cnb002750053 
020 |a 978-80-7442-060-3  |q (vázáno) 
035 |a (OCoLC)944217636 
040 |a KLG001  |b cze  |d OLA001  |d ABA001  |e rda 
043 |a e-xr---  |a e-xo--- 
072 7 |a 59  |x Zoologie  |2 Konspekt  |9 2 
080 |a 595.768.1  |2 MRF 
080 |a 591.9  |2 MRF 
080 |a (437.3)  |2 MRF 
080 |a (437.6)  |2 MRF 
080 |a (084.42)  |2 MRF 
100 1 |a Zahradník, Jiří,  |d 1928-2020  |7 jk01151953  |4 aut  |4 pht 
245 1 0 |a Tesaříci :  |b (makrofotografie) : běh života a rozšíření vybraných druhů v České a Slovenské republice /  |c Jiří Zahradník 
250 |a První vydání 
264 1 |a Praha :  |b Aventinum,  |c 2015 
300 |a 168 stran :  |b barevné ilustrace ;  |c 25 cm 
336 |a text  |b txt  |2 rdacontent 
336 |a statický obraz  |b sti  |2 rdacontent 
337 |a bez média  |b n  |2 rdamedia 
338 |a svazek  |b nc  |2 rdacarrier 
490 1 |a Fotografické atlasy 
500 |a Na obálce nad názvem: Fotografický atlas 
504 |a Obsahuje bibliografii a rejstříky 
650 0 7 |a tesaříkovití  |7 ph116442  |2 czenas 
650 0 7 |a fauna  |7 ph114529  |z Česko  |2 czenas 
650 0 7 |a fauna  |7 ph114529  |z Slovensko  |2 czenas 
650 0 9 |a long-horned beetles  |2 eczenas 
650 0 9 |a fauna  |z Czechia  |2 eczenas 
650 0 9 |a fauna  |z Slovakia  |2 eczenas 
655 7 |a atlasy  |7 fd131835  |2 czenas 
655 9 |a atlases  |2 eczenas 
830 0 |a Fotografické atlasy  |0 s 
910 2 |a BOA001  |b 2-1356.971 
920 |a 1044122  |z KLG001 
990 |a BK 
995 |a 01 
996 6 |b 2610655120  |c 2-1356.971  |l MZK  |r Sklad / do 1 hodiny  |n 0  |p p.v.  |w 001537503  |u 000010  |a 1  |e BOA001  |j MZK50  |s P 
996 6 |b 2610658851  |c 2-1356.971  |l MZK  |r STM 6p  |n 0  |p kup  |h 595.76 ZAH  |w 001537503  |u 000020  |a 0  |e BOA001  |j MZK50  |s P